Critical essays on William Golding /

Bibliographic Details
Main Author: Baker, James R.
Format: Book
Language:English
Published: Boston, Mass. : G.K. Hall, [1988]
Series:Critical essays on British literature.
Subjects:

MARC

Tag First Indicator Second Indicator Subfields
LEADER 00000cam a2200000 a 4500
001 in00000034230
005 20151007055240.0
008 871106s1988 mau b 00110 eng
010 |a  87033312  
020 |a 0816187649 
035 |a (OCoLC)17202507 
035 |9 AAB7690AM 
040 |a DLC  |c DLC  |d TXA  |d UtOrBLW 
049 |a TXAM  |c [A12554949] 
050 0 0 |a PR6013.O35  |b Z588 1988 
082 0 |a 823/.914  |2 19 
100 1 |a Baker, James R. 
245 1 0 |a Critical essays on William Golding /  |c James R. Baker. 
264 1 |a Boston, Mass. :  |b G.K. Hall,  |c [1988] 
264 4 |c ©1988 
300 |a 197 pages 
336 |a text  |b txt  |2 rdacontent 
337 |a unmediated  |b n  |2 rdamedia 
338 |a volume  |b nc  |2 rdacarrier 
490 1 |a Critical essays on British literature 
504 |a Includes bibliographical references and index. 
600 1 0 |a Golding, William,  |d 1911-1993  |x Criticism and interpretation. 
830 0 |a Critical essays on British literature. 
999 |a MARS 
999 f f |s e3a636e0-2c2c-32aa-ab16-4ae702cbe8da  |i 2b63b236-aebb-3452-8fda-8ae108f25422  |t 0 
952 f f |p normal  |a Texas A&M University  |b College Station  |c Sterling C. Evans Library  |d Evans: Library Stacks  |t 0  |e PR6013.O35 Z588 1988  |h Library of Congress classification  |i unmediated -- volume  |m A14812554949 
998 f f |a PR6013.O35 Z588 1988  |t 0  |l Evans: Library Stacks